000 01084nam a2200241Ii 4500
003 JO-AjNU
005 20240629105554.0
008 230605s9999||||xx |||||||||||||| ||und||
040 _aJO-AjNU
_bara
_erda
_cJO-AjNU
041 _aara
050 1 4 _aKMM90.5 2017
100 1 _aالصمادي، يزن محمد مصطفى
_eمعد
_965776
245 0 0 _aإنتهاء عقد الإيجار في القانون الأردني( دراسة مقارنة) =( Termination of Lease Contract According to Jordanian Law( A Compartive Syudy) /
_cاعداد يزن محمد الصمادي ؛ إ شراف عبد الحكيم محسن عطروش
260 _c2017
300 _a108 ورقة
336 _atext
_btxt
_2rdacontent
337 _aunmediated
_bn
_2rdamedia
338 _avolume
_bnc
_2rdacarrier
500 _aرسالة جامعية ( اطروحة ماجستير) جامعة عجلون الوطنية'، 2017
650 4 _aعقد الايجار - القانون - الاردن
_956982
700 1 _aعطروش، عبد الحكيم محسن
_956666
_eمشرف
942 _2lcc
_cTHS
999 _c29076
_d29076